• 首页
  • 本馆介绍
  • 公告通知
  • 最新文献
  • 馆藏检索
  • 电子资源
  • 读者导购
  • 参考咨询
  • 我的图书馆
  • 登录
  • 详细信息显示
  • 放入我的书架
  • 预约/预借图书
  • 作者相关作品
  • 分类相关作品
  • 丛书相关作品
  • 出版社相关作品

书目信息

  • 表格格式
  • 工作单格式
  • 卡片格式
题名:
生物群智计算与机器学习
    
 
作者: 朱云龙 著
分册:  
出版信息: 北京   清华大学出版社  2021.7
页数: 294页
开本: 26cm
丛书名:
单 册:
中图分类: TP18 , TP181
科图分类:
主题词: 人工智能--算法--研究 , 机器学习--研究
电子资源:
ISBN: 978-7-302-54858-4
000 01303nam0 2200289 45
001 012001000466
005 20140911144840.0
010    @a978-7-302-54858-4@dCNY79.00
100    @a20200820d2020 em y0chiy50 ea
101 0  @achi
102    @aCN@b110000
105    @aa z 000yy
106    @ar
200 1  @a生物群智计算与机器学习@Asheng wu qun zhi ji suan yu ji qi xue xi@b专著@dSwarm intelligence computing and machine learning@f朱云龙[等]著@zeng
210    @a北京@c清华大学出版社@d2021.7
215    @a294页@c图@d26cm
300    @a并列题名:Swarm intelligence computing and machine learning
304    @a著者还有:陈翰宁、申海、张浩
330    @a本书分析了人工智能的发展历程以及人工智能与生物群智计算、机器学习等之间的关系,给出了生物群智计算的统一框架模型,涵盖了从简单到复杂的基于个体自适应、群体分工协作、多群体协同进化等生物现象的几类新型生物群智计算模式,所有这些无疑体现了生物群智计算最基础、最核心的理论与方法。同时,介绍了深度学习、强化学习、迁移学习和生成式对抗网络等机器学习方法。
510 1  @aSwarm intelligence computing and machine learning@zeng
606 0  @a人工智能@x算法@x研究
606 0  @a机器学习@x研究
690    @aTP18@v5
690    @aTP181@v5
701  0 @a朱云龙@Azhu yun long@f(1967~)@4著
801  0 @aCN@bBJSDL@c20211011
905    @b1331517-20@dTP18@e266@f4
    
    生物群智计算与机器学习=Swarm intelligence computing and machine learning/朱云龙[等]著.-北京:清华大学出版社,2021.7
    294页:图;26cm
    并列题名:Swarm intelligence computing and machine learning
    
    ISBN 978-7-302-54858-4:CNY79.00
    本书分析了人工智能的发展历程以及人工智能与生物群智计算、机器学习等之间的关系,给出了生物群智计算的统一框架模型,涵盖了从简单到复杂的基于个体自适应、群体分工协作、多群体协同进化等生物现象的几类新型生物群智计算模式,所有这些无疑体现了生物群智计算最基础、最核心的理论与方法。同时,介绍了深度学习、强化学习、迁移学习和生成式对抗网络等机器学习方法。
●
相关链接 在E读中查询图书 在五车中查询图书 在当当中查询图书 在豆瓣中查询图书


正题名:生物群智计算与机器学习     索取号:TP18/266         预约/预借

序号 登录号 条形码 馆藏地/架位号 状态 备注
1 1331517   213315170   第二样本阅览室/ [索取号:TP18/266] 在馆    
2 1331518   213315189   第三借阅区/ [索取号:TP18/266] 在馆    
3 1331519   213315198   第三借阅区/ [索取号:TP18/266] 在馆    
4 1331520   213315205   第三借阅区/ [索取号:TP18/266] 在馆    
唐山师范学院图书馆 欢迎您!
大连网信软件有限公司© 版权所有